000 00842nam a2200217 i 4500
001 62677
003 ES-MaACL
005 20230906164718.0
007 t|
008 031124s1963 sp |||| | spa d
100 1 _aFernández Avello, Manuel.
_949490
245 1 0 _aAlgo sobre Clarín y sus paliques /
_cManuel Fernández Avello, discurso leído... en el acto de su solemne recepción académica... contestación de Antonio García Oliveros.
260 _aOviedo :
_b[s.n.,
_c1963] (
_f"La Cruz")
300 _a40 p. ;
_c25 cm.
500 _aPrecede al tít.: Diputación de Asturias, Instituto de Estudios Asturianos.
600 1 4 _aAlas, Leopoldo
_d1852-1901
_9226375
700 1 _aGarcía Oliveros, Antonio.
_955046
710 2 _aInstituto de Estudios Asturianos.
_94889
852 _aES-MaACL
_j2031-F-3
999 _c62677
_d62677